The prince : (Record no. 288957)
[ view plain ]
| 000 -LEADER | |
|---|---|
| fixed length control field | 01561cam a2200325 a 4500 |
| 001 - CONTROL NUMBER | |
| control field | 16948762 |
| 003 - CONTROL NUMBER IDENTIFIER | |
| control field | PILC |
| 005 - DATE AND TIME OF LATEST TRANSACTION | |
| control field | 20151110150912.0 |
| 008 - FIXED-LENGTH DATA ELEMENTS--GENERAL INFORMATION | |
| fixed length control field | 110906s2010 enk 000 0 eng |
| 010 ## - LIBRARY OF CONGRESS CONTROL NUMBER | |
| LC control number | 2011453905 |
| 020 ## - INTERNATIONAL STANDARD BOOK NUMBER | |
| International Standard Book Number | 9780141442259 |
| 040 ## - CATALOGING SOURCE | |
| Original cataloging agency | DLC |
| Transcribing agency | DLC |
| Modifying agency | DLC |
| 041 1# - LANGUAGE CODE | |
| Language code of text/sound track or separate title | eng |
| Language code of original and/or intermediate translations of text | ita |
| 042 ## - AUTHENTICATION CODE | |
| Authentication code | pcc |
| 050 00 - LIBRARY OF CONGRESS CALL NUMBER | |
| Classification number | JC 143 |
| Item number | .M38 2009 |
| 082 00 - DEWEY DECIMAL CLASSIFICATION NUMBER | |
| Classification number | 320.1 |
| 100 1# - MAIN ENTRY--PERSONAL NAME | |
| Personal name | Machiavelli, Niccolò, |
| Dates associated with a name | 1469-1527. |
| 240 10 - UNIFORM TITLE | |
| Uniform title | <a href="Principe.">Principe.</a> |
| Language of a work | English |
| 245 14 - TITLE STATEMENT | |
| Title | The prince : |
| Remainder of title | the original classic / |
| Statement of responsibility, etc | Niccolo Machiavelli ; with an introduction and translation by Tim Parks. |
| 260 ## - PUBLICATION, DISTRIBUTION, ETC. (IMPRINT) | |
| Place of publication, distribution, etc | England : |
| Name of publisher, distributor, etc | Penguin Books, |
| Date of publication, distribution, etc | 2009. |
| 300 ## - PHYSICAL DESCRIPTION | |
| Extent | xli, 198 p. ; |
| Dimensions | 21 cm. |
| 500 ## - GENERAL NOTE | |
| General note | "Based on the complete 1910 edition of The Prince, by Niccolo Machiavelli, translated by Ninian Hill Thomson, published by P.F. Collier and Son Company, New York"--T.p. verso. |
| 520 ## - SUMMARY, ETC. | |
| Summary, etc | Machiavelli's famously controversial work, is a leadership classic. This was the first book of its type to promise secrets of time management, presentations, change management and interview skills. With simple prose and straightforward logic Machiavelli's study of attaining power is relevant for any modern reader seeking to make their way in the world |
| 650 #0 - SUBJECT ADDED ENTRY--TOPICAL TERM | |
| Topical term or geographic name as entry element | Political science |
| General subdivision | Philosophy |
| Form subdivision | Early works to 1800. |
| 650 #0 - SUBJECT ADDED ENTRY--TOPICAL TERM | |
| Topical term or geographic name as entry element | Political ethics |
| Form subdivision | Early works to 1800. |
| 650 #0 - SUBJECT ADDED ENTRY--TOPICAL TERM | |
| Topical term or geographic name as entry element | State, The |
| Form subdivision | Early works to 1800. |
| 906 ## - LOCAL DATA ELEMENT F, LDF (RLIN) | |
| a | 7 |
| b | cbc |
| c | origres |
| d | 2 |
| e | ncip |
| f | 20 |
| g | y-gencatlg |
| 942 ## - ADDED ENTRY ELEMENTS (KOHA) | |
| Source of classification or shelving scheme | Library of Congress Classification |
| Koha item type | Books |
| Withdrawn status | Lost status | Source of classification or shelving scheme | Damaged status | Home library | Current library | Shelving location | Date acquired | Source of acquisition | Sub Shelving location | Total Checkouts | Total Renewals | Full call number | Barcode | Date last seen | Date checked out | Price effective from | Koha item type |
|---|---|---|---|---|---|---|---|---|---|---|---|---|---|---|---|---|---|
| Library of Congress Classification | Luxembourg Library | Luxembourg Library | International Baccalaureate Section | 11/10/2015 | Library Fund | 1 | 14 | JC 143 .M38 2009 | 20122 | 01/27/2017 | 10/21/2016 | 11/10/2015 | Books | ||||
| Library of Congress Classification | Luxembourg Library | Luxembourg Library | International Baccalaureate Section | 11/10/2015 | Library Fund | 2 | JC 143 .M38 2009 | 20123 | 04/14/2016 | 01/18/2016 | 11/10/2015 | Books | |||||
| Library of Congress Classification | Luxembourg Library | Luxembourg Library | International Baccalaureate Section | 11/10/2015 | Library Fund | 2 | 2 | JC 143 .M38 2009 | 20124 | 04/14/2016 | 01/18/2016 | 11/10/2015 | Books |